zpět

Detail výsledku týmu

Hostinec U Cihelků, Masečín

Datum a čas kvízu

18.5 Celkem bodů Celkový počet nahraných bodů na tomto kvízu bez doplňovacích otázek.
5. Pořadí na kvízu Konečné umístění týmu na tomto kvízu.

Zaznamenané odpovědi

# Otázka Odpověď Body Výsledky
1. V pátek byly zveřejněny výsled... Jihočeský kraj 0
2. Někdo chodí do školy pěšky, ně... D) na praseti 0
3. Sedmý ročník ankety Podcast ro... Opravdové zločiny 0
4. V pondělí začala stavba půlkil... C) v Plzeňském kraji 0
5. 25letá česká tenistka získala... Markéta Vondroušová 0
6. Začneme politikou. Republikáns... Agrární strana, agrárníci 0
7. V letech 1918–1928 bylo Českos... Podkarpatská Rus (Zakarpatská Ukrajina) 1
8. Na fotce vidíme jeden z rekons... Aero 0
9. Zde vidíme portrét jednoho z n... Miloš Havel, Barrandov Studio 0
10. „Král komiků“ Vlasta Burian by... AC Sparta Praha, brankář 0.5